| 000 | 004380000a22001810004500 | ||
|---|---|---|---|
| 003 | MACL | ||
| 005 | 20150812173816.0 | ||
| 008 | 150812b xxu||||| |||| 00| 0 eng d | ||
| 040 |
_aMACL _cMACL |
||
| 041 | _aEnglish | ||
| 082 | _a370/MAL | ||
| 100 |
_aMali, M G _95165 |
||
| 245 | _aEducation Of Masses In India | ||
| 260 |
_bMittal Publications _c1989 _aNew Delhi |
||
| 350 | _a150 | ||
| 650 |
_aEducation _95166 |
||
| 942 |
_cBK _k370 _2ddc |
||
| 999 |
_c6298 _d6298 |
||